banner koha

Selecao de fungos micorrizicos vesiculo-arbusculares para inoculacao em algaroba, Prosopis juliflora (Sw.)DC (Registro n. 120471)

MARC details
000 -LÍDER
campo de controle de tamanho fixo 00979nas a2200277 4500
001 - NÚMERO DE CONTROLE
campo de controle BR8704851
003 - IDENTIFICADOR DO NÚMERO DE CONTROLE
campo de controle BR-BrBNA
005 - DATA E HORÁRIO DA ÚLTIMA TRANSAÇÃO
campo de controle 20231205090725.0
007 - CAMPO FIXO DE DESCRIÇÃO FÍSICA--INFORMAÇÃO GERAL
campo de controle de tamanho fixo ta
008 - CAMPO DE DADOS FIXOS--INFORMAÇÃO GERAL
campo de controle de tamanho fixo 230509b bl.|||p| |||| 00| 00por d
040 ## - FONTE DA CATALOGAÇÃO
Instituição da catalogação original BR-BrBNA
Idioma da catalogação por
Instituição que transcreveu o registro Biblioteca Nacional de Agricultura
041 ## - CÓDIGO DE IDIOMA
Código do idioma do texto/trilha sonora ou título diferente (Pt)
072 ## - CÓDIGO DE CATEGORIA DE ASSUNTO
Código de Categoria de Assunto P34
100 1# - ENTRADA PRINCIPAL--NOME PESSOAL
Nome pessoal Almeida, R.T.
100 1# - ENTRADA PRINCIPAL--NOME PESSOAL
Nome pessoal Freire, V.F.
100 1# - ENTRADA PRINCIPAL--NOME PESSOAL
Nome pessoal Vasconcelos, I.
111 1# - ENTRADA PRINCIPAL--NOME DO EVENTO
Nome do evento ou lugar 20. Congresso Brasileiro de Ciencia do Solo
Local do evento Belem, PA (Brazil)
Data do evento ou assinatura do tratado Jul 1985
245 1# - TÍTULO
Título Selecao de fungos micorrizicos vesiculo-arbusculares para inoculacao em algaroba, Prosopis juliflora (Sw.)DC
246 1# - FORMA VARIANTE DO TÍTULO
Título/título abreviado [Selection of vesicular-arbuscular mycorrhizal fungi for inoculation of Prosopis juliflora (Sw.)DC]
650 ## - ASSUNTO--TERMO TÓPICO
Cabeçalho tópico ou nome geográfico ALGAROBA
650 ## - ASSUNTO--TERMO TÓPICO
Cabeçalho tópico ou nome geográfico MICORRIZA
650 ## - ASSUNTO--TERMO TÓPICO
Cabeçalho tópico ou nome geográfico INOCULACAO
773 0# - ENTRADA ANALÍTICA
Título Ciencia Agronomica (Brazil)
ISSN - International Standard Serial Number ISSN 0045-6888
Partes relacionadas (Dec 1985), v. 16(2) p. 91-94
Número de controle do registro BR8704851
909 ## -
-- 202311
-- Lúcia
-- 55
-- Lúcia Elande
942 ## - ELEMENTOS DE ENTRADA ADICIONADOS (KOHA)
Fonte da classificação ou esquema de arquivamento na estante Classificação AGRIS
Ocultar no OPAC Não
Tipo de material Koha Analítica
Exemplares
Situação do descarte Fonte da classificação ou esquema de arquivamento na estante Situação física Não pode ser emprestado Biblioteca de origem Biblioteca atual Localização na estante Enumeração do periódico / cronologia Total de empréstimos Data de último acesso Número do exemplar Tipo de material Koha Fonte de aquisição
  Classificação AGRIS   Consulta local Biblioteca Nacional de Agricultura - Binagri Biblioteca Nacional de Agricultura - Binagri   (Dec 1985), v. 16(2) p. 91-94   29/11/2023 01 Periódicos Portaria Interministerial nº 164/94

BINAGRI

Telefone: (61)3218-2567/2388/3357/2097 - binagri@agro.gov.br

Ministério da Agricultura e Pecuária , Esplanada dos Ministérios, Bloco D, Anexo B, Brasília/DF, CEP: 70.043-900